| 000 | 00954nam a22001937a 4500 | ||
|---|---|---|---|
| 999 |
_c62625 _d62625 |
||
| 003 | Ge_BSU | ||
| 005 | 20241220103047.0 | ||
| 008 | 241220s1955 ge ||||| |||| 00| 0 geo d | ||
| 041 | _ageo | ||
| 080 | _a616.995.132.8 : 617 ე -78 | ||
| 100 |
_aერისთავი, არჩილ _924017 |
||
| 245 |
_aასკარიდოზით გამოწვეული ზოგიერთი მწვავე ქირურგიული დაავადება / _cარჩილ ერისთავი; რედ. კ. ერისთავი. |
||
| 264 |
_aთბილისი : _bსაქმედგამი, _c1955. |
||
| 504 | _aბიბლიოგრ.: გვ. 149-155. | ||
| 653 | _aასკარიდოზი | ||
| 653 | _aმწვავე ქირურგიული დაავადებები | ||
| 700 |
_aერისთავი, კ. _eრედაქტორი _922269 |
||
| 942 |
_2udc _cBK |
||